| 000 | 00976cab a2200289 4500 | ||
|---|---|---|---|
| 001 | ABS58543 | ||
| 008 | 090401t1998 xxu||||| |||| 00| 0 eng d | ||
| 035 | _a(Sirsi) u85824 | ||
| 041 | _aeng | ||
| 100 | _aElford, J. | ||
| 245 | 4 | _aThe road ahead | |
| 260 | _c1998 | ||
| 350 | _a0 | ||
| 490 |
_aProperty Week _v63(2) 24 April 1998, 38-56(8) |
||
| 520 | _aSeries of articles investigating the implications and future for UK business parks. Looks especially at the government`s White Paper on integrated transport, due to be published in June. It is expected to force developers to draw up transport plans and build business parks on brownfield sites. | ||
| 650 | _aBUSINESS PARKS | ||
| 650 | _aCAR PARKING | ||
| 650 | _aCHESTER | ||
| 650 | _aINTEGRATED TRANSPORT | ||
| 650 | _aSTOCKLEY PARK | ||
| 650 | _aTRANSPORT POLICY | ||
| 650 | _aWHITE PAPER | ||
| 690 | _aPROPERTY-COMMERCIAL PROPERTY | ||
| 700 | _aKopec, k. | ||
| 942 | _n0 | ||
| 948 | _c27/04/1998 | ||
| 999 |
_c53980 _d53980 |
||